000 00722nam a22002292 4500
001 0000024498
005 20151217152303.0
008 131218s xx 000 0 eng d
020 _a0199592968 :
040 _aKABU
_cKABU
245 1 4 _aThe Evolution of EU law /
_cedited by Paul Craig and Grainne De Burca.
250 _a2nd ed.
260 _aOxford :
_bO. U. P.,
_c2011.
300 _alxvi, 917 p.
610 2 0 _aEuropean Union
_xHistory.
_@0000163471
650 0 _aLaw
_xEuropean Union countries
_xHistory.
_@0000184703
700 1 _aCraig, Paul.
_@0000184704
700 1 _aDe Burca, Grainne.
_@0000184705
852 1 _9p5670 KES
908 _a131218
950 _@1
999 _c10312
_d10312